000 00652nam a2200205Ia 4500
003 GCL
008 140319s9999 xx 000 0 ara d
040 _aGCL /
_cGCL
082 0 4 _a374.1
_bا.ت
100 1 _aابراهيم محمد ابراهيم
245 1 0 _aتعليم الكبار ومشكلات العصر ( دلراسة وقضايا) /
_cابراهيم محمد ابراهيم
260 _a[S.N] :
_bمكتبة الانجلوالمصرية ،
_c1991
300 _a155 ص
490 _a
650 0 4 _aمصر
650 0 4 _aالتعليم
650 0 4 _aتعليم الكبار
650 0 4 _aالتعليم العالى
942 _2ddc
_cBK
999 _c54267
_d54267